000 00263nam a22000977a 4500
008 230714b |||||||| |||| 00| 0 eng d
020 _a9780141365503
100 _aDAHL ROALD
_97629
245 _aGEORGE'S MARVELLOUS MEDICINE
260 _aUK
_bPENGUIN RANDOM HOUSE
_c2016
999 _c12370
_d12370